Arabic Thought and its Place in History / (Record no. 2436)
[ view plain ]
| 000 -LEADER | |
|---|---|
| fixed length control field | 00660nam a2200241Ia 4500 |
| 001 - CONTROL NUMBER | |
| control field | 2443 |
| 008 - FIXED-LENGTH DATA ELEMENTS--GENERAL INFORMATION | |
| fixed length control field | 220816s1993 ii g b000 u 465 u |
| 082 ## - DEWEY DECIMAL CLASSIFICATION NUMBER | |
| Classification number | 109 |
| 100 ## - MAIN ENTRY--PERSONAL NAME | |
| Personal name | O`Leary, De Lacy . |
| 245 #0 - TITLE STATEMENT | |
| Title | Arabic Thought and its Place in History / |
| Statement of responsibility, etc. | De Lacy O`Leary. |
| Medium | Textual Documents |
| 250 ## - EDITION STATEMENT | |
| Edition statement | Rev.ed. / |
| 260 ## - PUBLICATION, DISTRIBUTION, ETC. | |
| Place of publication, distribution, etc. | New York : |
| Name of publisher, distributor, etc. | Kegan Paul , |
| Date of publication, distribution, etc. | 1993. |
| 300 ## - PHYSICAL DESCRIPTION | |
| Extent | 323p. ; |
| Dimensions | 19cm. |
| 653 ## - INDEX TERM--UNCONTROLLED | |
| Uncontrolled term | History-Arabic literature |
| 653 ## - INDEX TERM--UNCONTROLLED | |
| Uncontrolled term | Arabic literature |
| 653 ## - INDEX TERM--UNCONTROLLED | |
| Uncontrolled term | Rare-History |
| 653 ## - INDEX TERM--UNCONTROLLED | |
| Uncontrolled term | Philosophy-History |
| 653 ## - INDEX TERM--UNCONTROLLED | |
| Uncontrolled term | History-Philosophy |
| 653 ## - INDEX TERM--UNCONTROLLED | |
| Uncontrolled term | G-Philosophy |
| 653 ## - INDEX TERM--UNCONTROLLED | |
| Uncontrolled term | T/G-Arabic |
| 653 ## - INDEX TERM--UNCONTROLLED | |
| Uncontrolled term | T/G-Arabic |
| 942 ## - ADDED ENTRY ELEMENTS (KOHA) | |
| Source of classification or shelving scheme | Dewey Decimal Classification |
| Koha item type | Books |
| Withdrawn status | Lost status | Damaged status | Not for loan | Home library | Current library | Date acquired | Coded location qualifier | Total checkouts | Full call number | Barcode | Date last seen | Copy number | Price effective from | Koha item type |
|---|---|---|---|---|---|---|---|---|---|---|---|---|---|---|
| Not for loan | Dr. Suryya Kumar Bhuyan Library | Dr. Suryya Kumar Bhuyan Library | 01/02/2012 | 00000 | 109 Ol 2 Ar | 685.75 | 13/01/2024 | 1 | 01/02/2012 | Books | ||||
| Dr. Suryya Kumar Bhuyan Library | Dr. Suryya Kumar Bhuyan Library | 01/02/2012 | 00000 | 109 Ol 2 Ar | 31586 | 13/01/2024 | 2 | 01/02/2012 | Books | |||||
| Dr. Suryya Kumar Bhuyan Library | Dr. Suryya Kumar Bhuyan Library | 01/02/2012 | 00000 | 109 Ol 2 Ar | 31610 | 13/01/2024 | 4 | 01/02/2012 | Books | |||||
| Dr. Suryya Kumar Bhuyan Library | Dr. Suryya Kumar Bhuyan Library | 01/02/2012 | 00000 | 109 Ol 2 Ar | 33607 | 13/01/2024 | 5 | 01/02/2012 | Books | |||||
| Dr. Suryya Kumar Bhuyan Library | Dr. Suryya Kumar Bhuyan Library | 01/02/2012 | 00000 | 109 Ol 2 Ar | 4114/New | 13/01/2024 | 6 | 01/02/2012 | Books | |||||
| Dr. Suryya Kumar Bhuyan Library | Dr. Suryya Kumar Bhuyan Library | 01/02/2012 | 00000 | 109 Ol 2 Ar | 423.631 | 13/01/2024 | 3 | 01/02/2012 | Books |
